[Event "IX Weekend A"]
[Site "Gorgonzola ITA"]
[Date "2004.11.20"]
[Round "4"]
[White "Berni, Fabrizio"]
[Black "Sbarra, Marco"]
[Result "1-0"]
[WhiteElo "2134"]
[BlackElo "2231"]
[PlyCount "49"]
[EventDate "2004.11.13"]

1.e4 e5 2.Nf3 Nc6 3.Bb5 a6 4.Ba4 Nf6 5.d3 b5 6.Bb3 Bc5 7.O-O O-O 8.Bg5 h6 
9.Bh4 g5 10.Bg3 d6 11.c3 Bb7 12.Nbd2 Ne7 13.d4 exd4 14.cxd4 Bb6 15.Re1 Ng6
16.e5 dxe5 17.dxe5 Nh5 18.e6 Nxg3 19.exf7+ Kg7 20.hxg3 c5 21.Re6 c4 22.Bc2
Nh8 23.Qe2 Nxf7 24.Rg6+ Kh8 25.Qe6 1-0

[Event "IX Weekend A"]
[Site "Gorgonzola ITA"]
[Date "2004.11.20"]
[Round "4"]
[White "Cazzaniga, Walter"]
[Black "D'Apa, Stefano"]
[Result "1/2-1/2"]
[WhiteElo "2077"]
[BlackElo "2165"]
[PlyCount "63"]
[EventDate "2004.11.13"]

1.d4 Nf6 2.c4 e6 3.Nf3 d5 4.Nc3 Be7 5.Bg5 Nbd7 6.e3 b6 7.cxd5 exd5 8.Bb5 
O-O 9.Bc6 Rb8 10.Qb3 Ba6 11.Nxd5 Nxd5 12.Qxd5 Nf6 13.Qxd8 Bb4+ 14.Kd1 
Rfxd8 15.Rc1 Rbc8 16.Kc2 Be7 17.Kb1 Bd3+ 18.Ka1 Kf8 19.Ne5 Ba6 20.Bf3 Bb5 
21.Nc6 Bxc6 22.Rxc6 Nd5 23.Bxe7+ Nxe7 24.Rc3 c5 25.Rhc1 cxd4 26.Rxc8 Rxc8 
27.Rxc8+ Nxc8 28.exd4 Nd6 29.Kb1 Nf5 30.d5 Nd4 31.Be4 f5 32.Bd3 1/2-1/2

[Event "IX Weekend A"]
[Site "Gorgonzola ITA"]
[Date "2004.11.20"]
[Round "4"]
[White "D'Apa, Matteo"]
[Black "Manzoni, Alessandro"]
[Result "0-1"]
[WhiteElo "1973"]
[BlackElo "2100"]
[PlyCount "104"]
[EventDate "2004.11.13"]

1.d4 d5 2.c4 c6 3.Nc3 e6 4.Nf3 Nf6 5.Bg5 Nbd7 6.e3 Qa5 7.Bxf6 Nxf6 8.a3 
Ne4 9.Qc1 dxc4 10.Bxc4 Nxc3 11.Qxc3 Qxc3+ 12.bxc3 Bd6 13.O-O b6 14.e4 Bb7 
15.e5 Be7 16.a4 O-O 17.a5 b5 18.a6 Bc8 19.Bd3 Rb8 20.c4 Rd8 21.Rfd1 bxc4 
22.Bxc4 Rb4 23.Bd3 Bd7 24.Rab1 Rdb8 25.Kf1 Kf8 26.Ke2 c5 27.dxc5 Bxc5 28.
Rxb4 Rxb4 29.Ng5 Rb2+ 30.Rd2 Rxd2+ 31.Kxd2 Bxf2 32.Nxh7+ Ke7 33.Ng5 Bc6 
34.Bf1 Bd4 35.Nf3 Ba1 36.Ke3 Kd8 37.Kf4 Kc7 38.Ng5 Be8 39.Ne4 Bd7 40.Nd6 
Bxe5+ 41.Kxe5 f6+ 42.Kf4 Kxd6 43.g4 g5+ 44.Kg3 Kc5 45.h4 gxh4+ 46.Kxh4 Bb5
47.Bg2 Bxa6 48.Kh5 Kd6 49.Kg6 Ke5 50.g5 Bd3+ 51.Kh5 fxg5 52.Kxg5 Bb5 0-1

[Event "IX Weekend A"]
[Site "Gorgonzola ITA"]
[Date "2004.11.20"]
[Round "4"]
[White "Facchetti, Gianni"]
[Black "Barberi, Alessandro"]
[Result "1-0"]
[WhiteElo "2203"]
[BlackElo "2161"]
[PlyCount "22"]
[EventDate "2004.11.13"]

1.e4 c5 2.Nf3 d6 3.d4 cxd4 4.Qxd4 Nc6 5.Bb5 Bd7 6.Bxc6 bxc6 7.c4 Nf6 8.e5 
Ng4 9.exd6 exd6 10.O-O Qf6 11.Re1+ Be6 1-0

[Event "IX Weekend A"]
[Site "Gorgonzola ITA"]
[Date "2004.11.20"]
[Round "4"]
[White "Gabetto, Flaviano"]
[Black "Massironi, Marco"]
[Result "1-0"]
[WhiteElo "2128"]
[BlackElo "2108"]
[PlyCount "45"]
[EventDate "2004.11.13"]

1.e4 c5 2.b4 cxb4 3.d4 d5 4.e5 Nc6 5.a3 Qb6 6.Be3 Bf5 7.axb4 Nxb4 8.Na3 
Rc8 9.c4 Qa5 10.Bd2 dxc4 11.Qf3 c3 12.Bb5+ Kd8 13.Qxf5 cxd2+ 14.Ke2 Nc6 
15.Nf3 Nh6 16.Qd3 e6 17.Bxc6 Rxc6 18.Nc4 Qd5 19.Ne3 Qd7 20.Rxa7 Be7 21.Rb1
Rc7 22.Qxd2 b5 23.Qa5 1-0

[Event "IX Weekend A"]
[Site "Gorgonzola ITA"]
[Date "2004.11.20"]
[Round "4"]
[White "Mrdja, Milan"]
[Black "Astengo, Marcello"]
[Result "1-0"]
[WhiteElo "2420"]
[BlackElo "2032"]
[PlyCount "72"]
[EventDate "2004.11.13"]

1.e4 e6 2.Qe2 c5 3.f4 g6 4.Nf3 Bg7 5.Nc3 Ne7 6.e5 d5 7.Qf2 b6 8.d3 Ba6 9.
Bd2 Nbc6 10.a3 Rc8 11.Be2 Nf5 12.Bd1 f6 13.exf6 Qxf6 14.g4 Nfd4 15.O-O O-O
16.Rb1 c4 17.dxc4 Bxc4 18.Re1 Rce8 19.b3 Ba6 20.Na2 e5 21.Nb4 Nxb4 22.Nxd4
Nc6 23.Be2 Bb7 24.Nb5 Qd8 25.Bf1 e4 26.c3 Ne5 27.Be2 Qd7 28.h3 Ba6 29.a4 
Qe7 30.Be3 Nc6 31.Red1 Rd8 32.Rbc1 Na5 33.b4 Bxb5 34.axb5 Nb7 35.Bf1 Kh8 
36.Qa2 Qf7 1-0

[Event "IX Weekend A"]
[Site "Gorgonzola ITA"]
[Date "2004.11.20"]
[Round "4"]
[White "Pace, Pietro Dario"]
[Black "Montani, Francesco"]
[Result "0-1"]
[WhiteElo "2130"]
[BlackElo "2201"]
[PlyCount "104"]
[EventDate "2004.11.13"]

1.e4 c5 2.b3 Nf6 3.e5 Nd5 4.Bb2 e6 5.Nf3 Be7 6.Nc3 Nxc3 7.Bxc3 b6 8.d4 Bb7
9.Bc4 cxd4 10.Nxd4 a6 11.Qg4 g6 12.O-O Qc7 13.Bb2 Nc6 14.Nf3 O-O-O 15.Ng5 
h5 16.Qf4 f6 17.Nf7 fxe5 18.Qd2 d5 19.Bd3 Bb4 20.c3 Qxf7 21.cxb4 Kb8 22.a4
d4 23.b5 Na5 24.bxa6 Bd5 25.Qb4 Ka7 26.Rae1 Qf8 27.Qxf8 Rhxf8 28.b4 Bc4 
29.Rd1 Bxd3 30.Rxd3 Nc4 31.Ba1 Kxa6 32.Rc1 Rc8 33.g3 g5 34.Re1 b5 35.a5 g4
36.Kg2 Rf5 37.Re2 Rcf8 38.Rd1 Rxf2+ 39.Rxf2 Ne3+ 40.Kg1 Rxf2 41.Kxf2 Nxd1+
42.Ke2 Ne3 43.Kd3 Nd5 44.Ke4 Nxb4 45.Kxe5 Nc2 46.Bb2 Kxa5 47.Ke4 Kb4 48.
Kd3 Kb3 49.Bc1 b4 50.Bd2 e5 51.Bc1 e4+ 52.Kxe4 Kc3 0-1

[Event "IX Weekend A"]
[Site "Gorgonzola ITA"]
[Date "2004.11.20"]
[Round "4"]
[White "Pepe, Mario"]
[Black "Bonade', Massimo"]
[Result "1/2-1/2"]
[WhiteElo "2151"]
[BlackElo "2093"]
[PlyCount "103"]
[EventDate "2004.11.13"]

1.e4 c5 2.Nf3 d6 3.Bb5+ Bd7 4.a4 Nc6 5.O-O Nf6 6.Re1 g6 7.d3 Bg7 8.Nbd2 
O-O 9.Nc4 d5 10.exd5 Nxd5 11.c3 Rc8 12.Bg5 Qc7 13.Qd2 Rfe8 14.Bh6 Bh8 15.
Qg5 Be6 16.Rxe6 fxe6 17.Bxc6 bxc6 18.Nce5 Bf6 19.Qg4 Bxe5 20.Qxe6+ Kh8 21.
Nxe5 Rf8 22.Nf7+ Rxf7 23.Qxf7 Qe5 24.c4 Nb4 25.Bf8 Qxb2 26.Re1 Qf6 27.
Qxf6+ exf6 28.Be7 Kg7 29.Rd1 Na6 30.Kf1 Kf7 31.Bd6 Rd8 32.Bf4 Rd7 33.Ke2 
Rb7 34.Rd2 Ke6 35.Be3 Rb4 36.Ra2 Ke5 37.g3 Ke6 38.Kd2 Kd6 39.Kc3 Rb7 40.
Rb2 Rxb2 41.Kxb2 f5 42.Kc3 Nc7 43.d4 cxd4+ 44.Bxd4 c5 45.Be3 Ne8 46.Kb3 
Nf6 47.h3 Kc6 48.f3 Nd7 49.Bf4 Nf8 50.Kc3 Ne6 51.Be3 Ng7 52.Kd3 1/2-1/2

[Event "IX Weekend A"]
[Site "Gorgonzola ITA"]
[Date "2004.11.20"]
[Round "4"]
[White "Radice, Luca"]
[Black "Astengo, Corrado"]
[Result "1/2-1/2"]
[WhiteElo "2082"]
[BlackElo "2134"]
[PlyCount "20"]
[EventDate "2004.11.13"]

1.d4 d6 2.e4 Nf6 3.Nc3 e5 4.Nf3 exd4 5.Nxd4 Nbd7 6.Bc4 Be7 7.O-O O-O 8.Re1
c6 9.a4 Qc7 10.Bf4 Ne5 1/2-1/2

[Event "IX Weekend A"]
[Site "Gorgonzola ITA"]
[Date "2004.11.20"]
[Round "4"]
[White "Rossi, Giampiero"]
[Black "Mazzariol, Oscar"]
[Result "1-0"]
[WhiteElo "2022"]
[BlackElo "2102"]
[PlyCount "149"]
[EventDate "2004.11.13"]

1.d4 Nf6 2.c4 e6 3.Nc3 Bb4 4.Qc2 c5 5.dxc5 Bxc5 6.Nf3 Nc6 7.e3 b6 8.a3 Bb7
9.Be2 Rc8 10.O-O Qc7 11.b4 Be7 12.Bb2 O-O 13.Rac1 d6 14.Rfd1 a6 15.Nd5 Qd8
16.Nxe7+ Qxe7 17.Qb1 Rfd8 18.Qa1 Ne8 19.Bc3 Nb8 20.Qb2 Nd7 21.Be1 Ndf6 22.
h3 Ne4 23.Qd4 Qc7 24.Nd2 N8f6 25.Nxe4 Nxe4 26.f3 Nf6 27.e4 e5 28.Qe3 Bc6 
29.Bf2 Ba4 30.Re1 Nd7 31.Bd1 Bc6 32.Bb3 a5 33.Red1 Rb8 34.Rd3 Nf8 35.Qd2 
Ne6 36.Rd1 axb4 37.axb4 b5 38.c5 dxc5 39.Bxe6 Rxd3 40.Qxd3 fxe6 41.Bxc5 
Ra8 42.Qd6 Qc8 43.Qxe5 Qe8 44.Rd6 Bd7 45.Qd4 Bc6 46.Qe5 Bd7 47.Bd4 Qf7 48.
Qxg7+ Qxg7 49.Bxg7 Be8 50.Bd4 Kf7 51.Bc5 Ra2 52.Rb6 h5 53.Rb7+ Kg6 54.Re7 
Bf7 55.h4 Re2 56.Kh2 Kf6 57.Rb7 Be8 58.Kg3 Bc6 59.Rc7 Be8 60.Bd4+ e5 61.
Bc3 Ke6 62.Rc5 Bf7 63.Rxe5+ Kd6 64.Rxb5 Rc2 65.Rc5 Ra2 66.e5+ Kd7 67.Ra5 
Rc2 68.Bd4 Be6 69.Bc5 Rc4 70.Ra7+ Kc8 71.Ra6 Bf5 72.e6 Kb7 73.Ra7+ Kb8 74.
e7 Bg6 75.Rd7 1-0

[Event "IX Weekend A"]
[Site "Gorgonzola ITA"]
[Date "2004.11.20"]
[Round "4"]
[White "Salami, Marco"]
[Black "Piantoni, Roberto"]
[Result "1/2-1/2"]
[WhiteElo "2170"]
[BlackElo "2133"]
[PlyCount "40"]
[EventDate "2004.11.13"]

1.e4 c6 2.d4 d5 3.f3 e6 4.Nc3 Bb4 5.Bf4 Ne7 6.Qd2 Ng6 7.Bg3 Qa5 8.Nge2 Nd7
9.a3 Nb6 10.Qc1 Bxc3+ 11.Nxc3 Nc4 12.Bxc4 dxc4 13.Qe3 O-O 14.O-O Qb6 15.
Nd1 Rd8 16.Bf2 Qc7 17.Bg3 Qb6 18.Nc3 e5 19.Bf2 Qc7 20.Bg3 Qb6 1/2-1/2

[Event "IX Weekend A"]
[Site "Gorgonzola ITA"]
[Date "2004.11.20"]
[Round "4"]
[White "Vancini, Edoardo"]
[Black "Salvador, Roland"]
[Result "1-0"]
[WhiteElo "2288"]
[BlackElo "2315"]
[PlyCount "41"]
[EventDate "2004.11.13"]

1.e4 c5 2.Nc3 Nc6 3.g3 Nf6 4.Bg2 d5 5.Nxd5 Nxd5 6.exd5 Nb4 7.Ne2 Bg4 8.O-O
Bxe2 9.Qxe2 Nxc2 10.Rb1 Qb6 11.Qc4 Nd4 12.b4 e5 13.dxe6 O-O-O 14.exf7 Kb8 
15.Ba3 cxb4 16.Bxb4 Rc8 17.Bxf8 Rxc4 18.Rxb6 Ne2+ 19.Kh1 Rxf8 20.Rxb7+ Kc8
21.Rfb1 1-0

[Event "IX Weekend A"]
[Site "Gorgonzola ITA"]
[Date "2004.11.21"]
[Round "5"]
[White "Astengo, Corrado"]
[Black "Piantoni, Roberto"]
[Result "1/2-1/2"]
[WhiteElo "2134"]
[BlackElo "2133"]
[PlyCount "44"]
[EventDate "2004.11.13"]

1.e4 c6 2.d4 d5 3.Nd2 dxe4 4.Nxe4 Nf6 5.Ng3 c5 6.Nf3 Nc6 7.c3 cxd4 8.Nxd4 
Nxd4 9.Qxd4 Qxd4 10.cxd4 Bd7 11.Bd3 Bc6 12.O-O e6 13.Be3 Be7 14.Rac1 O-O 
15.Rfd1 Rfd8 16.a3 Rd7 17.b4 a6 18.Nf1 Rad8 19.Nd2 Nd5 20.Nc4 Ba4 21.Re1 
Bf6 22.Be4 Bb5 1/2-1/2

[Event "IX Weekend A"]
[Site "Gorgonzola ITA"]
[Date "2004.11.21"]
[Round "5"]
[White "Astengo, Marcello"]
[Black "Pace, Pietro Dario"]
[Result "0-1"]
[WhiteElo "2032"]
[BlackElo "2130"]
[PlyCount "116"]
[EventDate "2004.11.13"]

1.d4 d5 2.c4 c6 3.Nc3 Nf6 4.Bf4 a6 5.e3 e6 6.Bd3 Bd6 7.Bg3 O-O 8.Nf3 b5 9.
c5 Bc7 10.Ne5 Nfd7 11.Qh5 f5 12.f4 Nf6 13.Qh3 b4 14.Ne2 Ne4 15.O-O a5 16.
a3 Bxe5 17.fxe5 Ba6 18.Bxa6 Nxa6 19.Nf4 Qe8 20.Rfd1 g5 21.Nh5 Qg6 22.Be1 
Rfb8 23.Rab1 bxa3 24.bxa3 a4 25.Nf6+ Nxf6 26.exf6 Nc7 27.Rxb8+ Rxb8 28.Qg3
Rb7 29.Ba5 Ne8 30.Bd8 Kf7 31.Qe5 Qh5 32.Rf1 Qg4 33.Bb6 h6 34.h3 Qe4 35.
Qxe4 dxe4 36.g4 Kxf6 37.Rb1 Rb8 38.Rb4 Ra8 39.Kf2 Ke7 40.Kg3 Kd7 41.Rb1 
Ke7 42.Rf1 Kf6 43.Rd1 Rb8 44.Rb1 Nc7 45.Rb4 Nd5 46.Rxa4 Nxb6 47.cxb6 Rxb6 
48.Ra7 f4+ 49.Kf2 Rb2+ 50.Kg1 Rb3 51.a4 Rxe3 52.h4 Rg3+ 53.Kf1 e3 54.hxg5+
hxg5 55.a5 f3 56.Rh7 e2+ 57.Kf2 Rg1 58.Rh6+ Ke7 0-1

[Event "IX Weekend A"]
[Site "Gorgonzola ITA"]
[Date "2004.11.21"]
[Round "5"]
[White "Bartolozzi, Roberto"]
[Black "D'Apa, Matteo"]
[Result "1-0"]
[WhiteElo "2115"]
[BlackElo "1973"]
[PlyCount "93"]
[EventDate "2004.11.13"]

1.Nf3 d5 2.d4 c6 3.Bf4 e6 4.Nbd2 Nf6 5.e3 Be7 6.Bd3 O-O 7.Ne5 Nbd7 8.c3 
Re8 9.Qf3 Nf8 10.h4 c5 11.h5 cxd4 12.exd4 Qb6 13.Rb1 Bd6 14.h6 g6 15.Nec4 
dxc4 16.Nxc4 Qc6 17.Qxc6 bxc6 18.Nxd6 Rd8 19.Nxc8 Rdxc8 20.Ba6 Re8 21.Bb7 
Rad8 22.Bxc6 N8d7 23.Bg5 Rc8 24.Ba4 Rf8 25.O-O Rc7 26.Bf4 Rb7 27.c4 Rc8 
28.Rfc1 Rb4 29.Bb3 Rc6 30.Bd2 Rb7 31.d5 exd5 32.cxd5 Rcb6 33.Rc8+ Nf8 34.
Be3 Rb5 35.d6 Rb8 36.Rbc1 a5 37.Bd4 Ne8 38.Rxb8 Rxb8 39.Rc6 Rd8 40.Bb6 
Rxd6 41.Rxd6 Nxd6 42.Bxa5 Nf5 43.Bd2 Nd7 44.a4 Nc5 45.Bd1 f6 46.g4 Nd6 47.
Bb4 1-0

[Event "IX Weekend A"]
[Site "Gorgonzola ITA"]
[Date "2004.11.21"]
[Round "5"]
[White "Bonade', Massimo"]
[Black "Salami, Marco"]
[Result "1/2-1/2"]
[WhiteElo "2093"]
[BlackElo "2170"]
[PlyCount "33"]
[EventDate "2004.11.13"]

1.d4 f5 2.g3 Nf6 3.Bg2 g6 4.Nf3 Bg7 5.O-O O-O 6.c4 d6 7.Nc3 c6 8.d5 e5 9.
dxe6 Bxe6 10.b3 Na6 11.Ng5 Qe7 12.Bb2 Nc5 13.Qc2 a5 14.Rad1 Rad8 15.e3 Bc8
16.a3 h6 17.Nf3 1/2-1/2

[Event "IX Weekend A"]
[Site "Gorgonzola ITA"]
[Date "2004.11.21"]
[Round "5"]
[White "Cazzaniga, Walter"]
[Black "Barlocco, Carlo"]
[Result "0-1"]
[WhiteElo "2077"]
[BlackElo "2108"]
[PlyCount "116"]
[EventDate "2004.11.13"]

1.d4 Nc6 2.Nf3 d6 3.Nc3 Bg4 4.e4 e6 5.Be2 Nf6 6.O-O Be7 7.Re1 O-O 8.h3 Bh5
9.d5 exd5 10.exd5 Bxf3 11.Bxf3 Ne5 12.Be2 Nfd7 13.f4 Ng6 14.Be3 Bf6 15.Qd2
Re8 16.Bd3 Nb6 17.Bxg6 hxg6 18.b3 Bxc3 19.Qxc3 Nxd5 20.Qd3 Nxe3 21.Rxe3 
Rxe3 22.Qxe3 Qe8 23.Qf3 Qb5 24.Re1 Kf8 25.c4 Qc6 26.Qf2 Qb6 27.Qxb6 axb6 
28.Re2 Re8 29.Rd2 Re4 30.g3 Ke7 31.Kg2 f5 32.h4 Ke6 33.Kf3 b5 34.cxb5 Rb4 
35.Rc2 Kd7 36.Rh2 Rxb5 37.h5 gxh5 38.Rxh5 Ke6 39.Ke3 Rc5 40.Kd3 Rc1 41.Rg5
Kf6 42.g4 fxg4 43.Rxg4 Ra1 44.a4 Rf1 45.a5 Ra1 46.b4 c6 47.Kc3 Re1 48.f5 
Re7 49.Rg6+ Ke5 50.Rg5 d5 51.b5 Kf4 52.Rh5 Kg4 53.Rh8 Kxf5 54.b6 Ke6 55.
Rc8 Kd6 56.Rd8+ Rd7 57.Ra8 g5 58.Ra7 Kc5 0-1

[Event "IX Weekend A"]
[Site "Gorgonzola ITA"]
[Date "2004.11.21"]
[Round "5"]
[White "D'Apa, Stefano"]
[Black "Rossi, Giampiero"]
[Result "1/2-1/2"]
[WhiteElo "2165"]
[BlackElo "2022"]
[PlyCount "51"]
[EventDate "2004.11.13"]

1.e4 c5 2.Nf3 e6 3.b3 d6 4.Bb5+ Bd7 5.a4 Nc6 6.Bb2 Nf6 7.Nc3 Be7 8.O-O O-O
9.Bxc6 Bxc6 10.d3 a6 11.a5 Qc7 12.Re1 Rfd8 13.Qe2 Rac8 14.Nd2 d5 15.e5 Ne8
16.Nf3 c4 17.Ba3 cxd3 18.cxd3 Bxa3 19.Rxa3 Qe7 20.Raa1 Nc7 21.Na4 Bxa4 22.
Rxa4 Nb5 23.Rg4 Rc3 24.b4 Rdc8 25.h4 Qc7 26.Ng5 1/2-1/2

[Event "IX Weekend A"]
[Site "Gorgonzola ITA"]
[Date "2004.11.21"]
[Round "5"]
[White "Manzoni, Alessandro"]
[Black "Pepe, Mario"]
[Result "0-1"]
[WhiteElo "2100"]
[BlackElo "2151"]
[PlyCount "92"]
[EventDate "2004.11.13"]

1.e4 Nf6 2.d3 c5 3.g3 Nc6 4.Bg2 d6 5.Nc3 g6 6.Nge2 Bg7 7.O-O O-O 8.h3 Bd7 
9.Be3 a6 10.Qd2 Qc8 11.Kh2 h5 12.f4 e6 13.Bf3 Ne7 14.d4 cxd4 15.Bxd4 e5 
16.fxe5 dxe5 17.Bxe5 Bxh3 18.Bxf6 Bxf6 19.Bg2 Bxg2 20.Kxg2 Be5 21.Qg5 f6 
22.Nd5 fxg5 23.Nxe7+ Kg7 24.Nxc8 Rxf1 25.Rxf1 Rxc8 26.c3 Rd8 27.Ng1 g4 28.
Ne2 Rd2 29.Rf2 Rxb2 30.Nd4 Rxf2+ 31.Kxf2 Kf7 32.Ne2 g5 33.c4 Ke6 34.Nc1 
Bd4+ 35.Ke2 Ke5 36.Kd3 Bf2 37.Ne2 a5 38.Nc1 Bxg3 39.Nb3 h4 40.Ke2 b6 41.c5
bxc5 42.Nxa5 Kxe4 43.Nc4 Bf4 44.a4 h3 45.Kf2 g3+ 46.Kg1 Kf3 0-1

[Event "IX Weekend A"]
[Site "Gorgonzola ITA"]
[Date "2004.11.21"]
[Round "5"]
[White "Martinez, Rolly"]
[Black "Berni, Fabrizio"]
[Result "1-0"]
[WhiteElo "2360"]
[BlackElo "2134"]
[PlyCount "87"]
[EventDate "2004.11.13"]

1.e4 c5 2.Nf3 d6 3.c3 Nf6 4.h3 Bd7 5.Bd3 g6 6.O-O Bg7 7.Bc2 O-O 8.d4 Nc6 
9.Re1 b5 10.dxc5 dxc5 11.Be3 c4 12.Nbd2 Qc7 13.a4 a6 14.Qe2 Rfd8 15.Ra2 
Rdb8 16.axb5 axb5 17.Rea1 Rxa2 18.Rxa2 b4 19.cxb4 Nxb4 20.Ra7 Qc8 21.Nxc4 
Bb5 22.b3 Nd7 23.Bd1 Nc6 24.Ra2 Nde5 25.Rc2 Qa6 26.Nfxe5 Nxe5 27.f4 Nxc4 
28.bxc4 Ba4 29.Rd2 Bc3 30.Rd3 Rb1 31.Kh2 Bxd1 32.Rxd1 Rxd1 33.Qxd1 Qxc4 
34.Qd8+ Kg7 35.Qxe7 Bf6 36.Qe8 Qc3 37.Bf2 Qc2 38.e5 Qxf2 39.exf6+ Kh6 40.
Qe5 Qh4 41.g3 Qh5 42.Qe7 Qd5 43.Qf8+ Kh5 44.g4+ 1-0

[Event "IX Weekend A"]
[Site "Gorgonzola ITA"]
[Date "2004.11.21"]
[Round "5"]
[White "Massironi, Marco"]
[Black "Facchetti, Gianni"]
[Result "1/2-1/2"]
[WhiteElo "2108"]
[BlackElo "2203"]
[PlyCount "101"]
[EventDate "2004.11.13"]

1.e4 e5 2.Nf3 Nc6 3.Bb5 Bc5 4.O-O Nd4 5.Nxd4 Bxd4 6.c3 Bb6 7.d4 c6 8.Bc4 
d6 9.Be3 Nf6 10.Nd2 O-O 11.Bd3 Ng4 12.Qe2 Nxe3 13.fxe3 Qg5 14.Nf3 Qe7 15.
h4 Bg4 16.Qf2 f6 17.Qg3 Bh5 18.Nh2 Qf7 19.Qh3 Rad8 20.g4 Qd7 21.Qg3 Bf7 
22.Nf3 Kh8 23.g5 Bh5 24.Kg2 Qg4 25.Nd2 Qxg3+ 26.Kxg3 fxg5 27.hxg5 Bc7 28.
Kh4 Bg6 29.Nf3 Rf7 30.Kg4 Rdf8 31.dxe5 dxe5 32.Bc4 Bh5+ 33.Kxh5 Rxf3 34.
Rxf3 Rxf3 35.Rf1 g6+ 36.Kg4 Rxf1 37.Bxf1 b5 38.c4 b4 39.b3 Bd8 40.Bh3 Kg7 
41.Bf1 Bb6 42.Kf3 h6 43.gxh6+ Kxh6 44.Bh3 Kh5 45.Bd7 c5 46.Be8 Bd8 47.Bf7 
Bh4 48.Kg2 Kg5 49.Kf3 Be1 50.Be8 Kf6 51.Ke2 1/2-1/2

[Event "IX Weekend A"]
[Site "Gorgonzola ITA"]
[Date "2004.11.21"]
[Round "5"]
[White "Mazzariol, Oscar"]
[Black "Bemporad, Filippo"]
[Result "0-1"]
[WhiteElo "2102"]
[BlackElo "2072"]
[PlyCount "58"]
[EventDate "2004.11.13"]

1.e4 c5 2.Nf3 d6 3.c3 Nf6 4.Be2 Nc6 5.d4 cxd4 6.cxd4 d5 7.e5 Ne4 8.O-O e6 
9.Nc3 Be7 10.Bd3 f5 11.exf6 Nxf6 12.Bg5 O-O 13.Re1 a6 14.Bh4 Bd7 15.Ne5 
Nxe5 16.dxe5 Ne8 17.Bg3 g6 18.Qg4 Ng7 19.Bf4 Nf5 20.h4 Bxh4 21.g3 Be7 22.
Kg2 Rf7 23.Rad1 Bc6 24.Rh1 Qd7 25.Qe2 Raf8 26.Bxf5 Rxf5 27.Ne4 Qe8 28.Nd2 
Qf7 29.Rh2 Bg5 0-1

[Event "IX Weekend A"]
[Site "Gorgonzola ITA"]
[Date "2004.11.21"]
[Round "5"]
[White "Montani, Francesco"]
[Black "Mrdja, Milan"]
[Result "0-1"]
[WhiteElo "2201"]
[BlackElo "2420"]
[PlyCount "72"]
[EventDate "2004.11.13"]

1.c4 g6 2.g3 Bg7 3.Bg2 Nf6 4.Nc3 O-O 5.e4 d6 6.Nge2 c5 7.O-O Nc6 8.d3 Ne8 
9.Be3 Nd4 10.h3 Nc7 11.Kh2 Rb8 12.Rb1 b6 13.Qd2 Bb7 14.Bh6 Qd7 15.Bxg7 
Kxg7 16.Nxd4 cxd4 17.Ne2 e5 18.f4 f6 19.b4 b5 20.cxb5 Nxb5 21.a4 Nc7 22.h4
Qe7 23.f5 gxf5 24.Rxf5 Bc8 25.Rf2 Bd7 26.Rbf1 h6 27.Bh3 Bxh3 28.Kxh3 d5 
29.b5 dxe4 30.dxe4 Ne6 31.g4 Kh7 32.Rf5 Rbc8 33.Rh5 Qg7 34.Ng3 Rc3 35.Kh2 
Rfc8 36.Rxh6+ Kg8 0-1

[Event "IX Weekend A"]
[Site "Gorgonzola ITA"]
[Date "2004.11.21"]
[Round "5"]
[White "Salvador, Roland"]
[Black "Gabetto, Flaviano"]
[Result "1-0"]
[WhiteElo "2315"]
[BlackElo "2128"]
[PlyCount "63"]
[EventDate "2004.11.13"]

1.d4 c5 2.d5 e5 3.e4 d6 4.Nc3 Be7 5.f4 exf4 6.Bxf4 Nf6 7.Nf3 O-O 8.Bd3 Na6
9.Qe2 Nc7 10.O-O-O a6 11.e5 Nfe8 12.h4 f5 13.exf6 Nxf6 14.Ng5 b5 15.b3 c4 
16.bxc4 bxc4 17.Bxc4 Bg4 18.Qd3 g6 19.Rde1 Nb5 20.Ne6 Qa5 21.Nxb5 axb5 22.
Bb3 Qa3+ 23.Kb1 Bf5 24.Qf3 Rfc8 25.Nd4 Bf8 26.Bc1 Qc5 27.Nxf5 gxf5 28.Qxf5
Bg7 29.Re7 Rf8 30.Bb2 Ra7 31.Rxg7+ Rxg7 32.Qe6+ 1-0

[Event "IX Weekend A"]
[Site "Gorgonzola ITA"]
[Date "2004.11.21"]
[Round "5"]
[White "Sbarra, Marco"]
[Black "Radice, Luca"]
[Result "1-0"]
[WhiteElo "2231"]
[BlackElo "2082"]
[PlyCount "85"]
[EventDate "2004.11.13"]

1.c4 e6 2.Nf3 d5 3.g3 c5 4.cxd5 exd5 5.Bg2 Nc6 6.O-O Nf6 7.d4 Be7 8.Nc3 
O-O 9.Bg5 Bg4 10.dxc5 Bxc5 11.Bxf6 Qxf6 12.Rc1 Bb6 13.Qxd5 Rfe8 14.Qc4 
Bxf3 15.exf3 Rad8 16.f4 Rd4 17.Qb3 Na5 18.Qb5 Red8 19.Nd5 Qd6 20.Rfe1 g6 
21.Re8+ Kg7 22.Nxb6 Rxe8 23.Qxe8 Rd1+ 24.Rxd1 Qxd1+ 25.Bf1 axb6 26.Qe5+ 
Kg8 27.Kg2 Qd7 28.Bb5 Nc6 29.Qe4 Kg7 30.a4 h5 31.h3 Kg8 32.b4 Qd6 33.Bxc6 
bxc6 34.Qe8+ Kh7 35.Qxf7+ Kh8 36.Qc4 Kg7 37.a5 bxa5 38.bxa5 c5 39.Qe4 Kf7 
40.f5 gxf5 41.Qxf5+ Ke7 42.Qe4+ Kd7 43.Qb7+ 1-0

[Event "IX Weekend A"]
[Site "Gorgonzola ITA"]
[Date "2004.11.21"]
[Round "5"]
[White "Vancini, Edoardo"]
[Black "Ranola, Yves"]
[Result "0-1"]
[WhiteElo "2288"]
[BlackElo "2449"]
[PlyCount "80"]
[EventDate "2004.11.13"]

1.e4 c5 2.Nc3 Nc6 3.g3 g6 4.Bg2 Bg7 5.d3 d6 6.Be3 e5 7.Qd2 Nge7 8.Bh6 Bxh6
9.Qxh6 Nd4 10.O-O-O Be6 11.Kb1 Qa5 12.Nd5 Nxd5 13.exd5 Bd7 14.Qd2 Qxd2 15.
Rxd2 O-O 16.c3 Nf5 17.Nh3 f6 18.Re1 Rae8 19.Rde2 g5 20.f4 exf4 21.Rxe8 
Rxe8 22.Rxe8+ Bxe8 23.gxf4 Ne3 24.Bh1 g4 25.Nf2 f5 26.c4 h5 27.Kc1 h4 28.
Kd2 Nf1+ 29.Kc3 Kf8 30.d4 b6 31.b4 Ke7 32.Nd3 Nxh2 33.dxc5 dxc5 34.bxc5 
bxc5 35.Nxc5 h3 36.Nd3 g3 37.Ne1 Bh5 38.Kd4 Nf3+ 39.Nxf3 Bxf3 40.Bxf3 g2 
0-1

[Event "IX Weekend A"]
[Site "Gorgonzola ITA"]
[Date "2004.11.21"]
[Round "6"]
[White "Bartolozzi, Roberto"]
[Black "Massironi, Marco"]
[Result "1/2-1/2"]
[WhiteElo "2115"]
[BlackElo "2108"]
[PlyCount "122"]
[EventDate "2004.11.13"]

1.Nf3 c5 2.c4 Nc6 3.Nc3 Nd4 4.e3 Nxf3+ 5.Qxf3 g6 6.g3 Bg7 7.Bg2 d6 8.O-O 
Nf6 9.d3 O-O 10.h3 h5 11.e4 Nd7 12.Qe2 Ne5 13.Be3 Nc6 14.Qd2 Nd4 15.Kh2 
Kh7 16.Rae1 Rb8 17.f4 f5 18.Ne2 e5 19.fxe5 dxe5 20.Nxd4 cxd4 21.Bg5 Qd6 
22.Rf2 Bd7 23.Ref1 b5 24.exf5 Bxf5 25.cxb5 Rxb5 26.Rc1 Rb6 27.b3 Qd7 28.
Qd1 Bxh3 29.Rxf8 Bxg2 30.Kxg2 Bxf8 31.Qf3 Bg7 32.g4 Qb7 33.Qxb7 Rxb7 34.
Rh1 Rc7 35.gxh5 gxh5 36.Kf3 Kg6 37.Rg1 Kf5 38.Bd8 Rf7 39.Rg5+ Ke6+ 40.Ke2 
Rd7 41.Ba5 h4 42.Rh5 Bf6 43.Be1 Rc7 44.Kd1 Rg7 45.Ke2 Rg4 46.Bf2 Rf4 47.b4
Kd5 48.a4 a6 49.Be1 Ke6 50.b5 axb5 51.axb5 Kd5 52.Bd2 Rg4 53.b6 Rg7 54.Rh6
Bd8 55.Bb4 Rd7 56.b7 Bc7 57.Rh8 h3 58.Rxh3 Bb8 59.Rh8 Rxb7 60.Rd8+ Kc6 61.
Be1 Rb2+ 1/2-1/2

[Event "IX Weekend A"]
[Site "Gorgonzola ITA"]
[Date "2004.11.21"]
[Round "6"]
[White "Bemporad, Filippo"]
[Black "Manzoni, Alessandro"]
[Result "1-0"]
[WhiteElo "2072"]
[BlackElo "2100"]
[PlyCount "65"]
[EventDate "2004.11.13"]

1.d4 d5 2.Nf3 c6 3.c4 Nf6 4.g3 dxc4 5.a4 e6 6.Bg2 Nbd7 7.O-O Bb4 8.Qc2 Qa5
9.Qxc4 O-O 10.Nbd2 Be7 11.Qc2 Qh5 12.Nc4 Nd5 13.e4 N5b6 14.Ne3 Nb8 15.a5 
N6d7 16.Ne1 f6 17.Nd3 Re8 18.f4 Qb5 19.g4 Na6 20.e5 Nb4 21.Nxb4 Bxb4 22.
Be4 c5 23.Bxh7+ Kf8 24.d5 c4 25.Bg6 Rd8 26.Bh5 Kg8 27.dxe6 Nf8 28.Bf7+ Kh8
29.Rf3 Rd3 30.Rh3+ Nh7 31.Qg2 g5 32.exf6 Bf8 33.Qe4 1-0

[Event "IX Weekend A"]
[Site "Gorgonzola ITA"]
[Date "2004.11.21"]
[Round "6"]
[White "Berni, Fabrizio"]
[Black "Barlocco, Carlo"]
[Result "1-0"]
[WhiteElo "2134"]
[BlackElo "2108"]
[PlyCount "59"]
[EventDate "2004.11.13"]

1.e4 Nc6 2.d4 d5 3.e5 Bf5 4.h4 f6 5.g4 Be4 6.f3 Bg6 7.h5 Bf7 8.f4 Qd7 9.
Be3 Nh6 10.Be2 O-O-O 11.Nd2 e6 12.Nb3 Be7 13.c3 Rdf8 14.Qd2 Be8 15.O-O-O 
Nf7 16.Nf3 Nb8 17.Bd3 Qa4 18.Kb1 Nc6 19.h6 g6 20.exf6 Bxf6 21.Nc5 Qa5 22.
Nxe6 Rfg8 23.g5 Be7 24.f5 Nfd8 25.Ng7 gxf5 26.Bxf5+ Bd7 27.Bxd7+ Kxd7 28.
Bf4 Qb6 29.Qe2 Bf8 30.Ne5+ 1-0

[Event "IX Weekend A"]
[Site "Gorgonzola ITA"]
[Date "2004.11.21"]
[Round "6"]
[White "D'Apa, Matteo"]
[Black "Astengo, Marcello"]
[Result "1-0"]
[WhiteElo "1973"]
[BlackElo "2032"]
[PlyCount "81"]
[EventDate "2004.11.13"]

1.d4 d5 2.c4 c6 3.Nc3 e6 4.Nf3 dxc4 5.a4 Bb4 6.e3 b5 7.Bd2 a5 8.axb5 Bxc3 
9.Bxc3 cxb5 10.d5 Nf6 11.dxe6 Qxd1+ 12.Kxd1 Bxe6 13.Rxa5 Rxa5 14.Bxa5 Nc6 
15.Bb6 O-O 16.Be2 Ra8 17.Ke1 Ra2 18.Nd4 Nb4 19.Nxb5 Nc2+ 20.Kd1 Bf5 21.Rf1
Bd3 22.Nc3 Rxb2 23.Bd8 Nd5 24.Nxd5 Bxe2+ 25.Kxe2 Nd4+ 26.Kd1 Rb1+ 27.Kd2 
Rxf1 28.exd4 Rxf2+ 29.Kc3 Rxg2 30.Bc7 g5 31.Kxc4 f5 32.Ne3 Rg1 33.Kd3 f4 
34.Nf5 Kf7 35.d5 Kf6 36.Nd4 Ke7 37.d6+ Kd7 38.Nf3 Rg2 39.Ne5+ Kc8 40.Ba5 
Rg1 41.d7+ 1-0